[Event "FIDE World Rapid Team"]
[Site "London ENG"]
[Date "2025.06.11"]
[Round "1.2"]
[White "Badacsonyi, Stanley"]
[Black "Erdos, Viktor"]
[Result "1/2-1/2"]
[WhiteTitle "FM"]
[BlackTitle "GM"]
[WhiteElo "2300"]
[BlackElo "2545"]
[WhiteTeam "English Knightmares"]
[BlackTeam "Team Hungary"]
[WhiteFideId "486973"]
[BlackFideId "719978"]
[EventDate "2025.06.11"]
[EventType "team"]

1. d4 d5 2. c4 c5 3. cxd5 Nf6 4. dxc5 Qxd5 5. Qxd5 Nxd5 6. Bd2 Nd7 7. e4 N5f6 8.
Bb5 e5 9. Nf3 Bxc5 10. Nxe5 Nxe4 11. f3 Nxd2 12. Nxd2 a6 13. Bxd7+ Bxd7 14. Nxd7
Kxd7 15. O-O-O Kc6 16. Rhe1 Rad8 17. Ne4 Bb4 18. Rxd8 Rxd8 19. Re2 1/2-1/2

[Event "FIDE World Rapid Team"]
[Site "London ENG"]
[Date "2025.06.11"]
[Round "1.3"]
[White "Balogh, Csaba"]
[Black "Shearsby, Jude"]
[Result "1-0"]
[WhiteTitle "GM"]
[BlackTitle "CM"]
[WhiteElo "2544"]
[BlackElo "2160"]
[WhiteTeam "Team Hungary"]
[BlackTeam "English Knightmares"]
[WhiteFideId "718939"]
[BlackFideId "462527"]
[EventDate "2025.06.11"]
[EventType "team"]

1. e4 c5 2. Nf3 d6 3. d4 cxd4 4. Qxd4 a6 5. Be2 Nc6 6. Qe3 Nf6 7. h3 g6 8. O-O
Bg7 9. c4 O-O 10. Nc3 Bd7 11. Rd1 Rc8 12. Bd2 Ne8 13. Rac1 Nc7 14. b3 Ne6 15.
Be1 Nc5 16. Nd5 Be6 17. Bc3 f6 18. Nd4 Bf7 19. b4 Nd7 20. Bg4 Nce5 21. Be6 Nxc4
22. Qe2 Ncb6 23. Ba1 Rxc1 24. Rxc1 Ne5 25. f4 Nc6 26. Bxf7+ Kxf7 27. Nxc6 bxc6
28. Rxc6 Nd7 29. Qc4 e6 30. Rxd6 exd5 31. Qxd5+ Ke8 32. Re6+ Kf7 33. Re5# 1-0

[Event "FIDE World Rapid Team"]
[Site "London ENG"]
[Date "2025.06.11"]
[Round "1.4"]
[White "Banerjee, Supratit"]
[Black "Ruck, Robert"]
[Result "0-1"]
[WhiteTitle "FM"]
[BlackTitle "GM"]
[WhiteElo "2311"]
[BlackElo "2515"]
[WhiteTeam "English Knightmares"]
[BlackTeam "Team Hungary"]
[WhiteFideId "2410079"]
[BlackFideId "705713"]
[EventDate "2025.06.11"]
[EventType "team"]

1. e4 c6 2. d4 d5 3. e5 Bf5 4. h4 Qb6 5. Nc3 h5 6. Nf3 e6 7. Bd3 Bg4 8. Be2 c5
9. dxc5 Bxc5 10. O-O Nd7 11. Na4 Qc7 12. Nxc5 Qxc5 13. Re1 Ne7 14. Bf4 Qb4 15.
Qd4 Qxd4 16. Nxd4 Bxe2 17. Rxe2 a6 18. Rd1 Rc8 19. c3 Rc4 20. Bg3 O-O 21. f3 Nc6
22. Nc2 Ne7 23. Nd4 Rfc8 24. Kf2 Nc6 25. Nc2 Nf8 26. Ne3 Rc5 27. f4 Ng6 28. Ke1
Ra5 29. a3 Ra4 30. Rf2 Re4 31. Ke2 Na5 32. Rd4 Rxd4 33. cxd4 Nb3 34. Kd3 Nc1+
35. Kd2 Ne7 36. Rf1 Nb3+ 37. Kd3 g6 38. Nc2 Nf5 39. Bf2 Na5 40. Rb1 Kg7 41. g3
f6 42. exf6+ Kxf6 43. b3 Nd6 44. Be1 Nc6 45. Ne3 Nf5 46. Nxf5 Kxf5 47. Bd2 Nd8
48. Re1 Nf7 49. Re3 Nd6 50. Re5+ Kf6 51. a4 Ne4 52. Be1 Rc1 53. Ba5 Rg1 54. Rxe4
dxe4+ 55. Kxe4 Rxg3 56. b4 Ra3 57. Bd8+ Kf7 58. a5 Rb3 59. Ke5 Rxb4 60. Bb6 Rc4
61. Bc5 Rc1 62. Kd6 Rh1 63. Kc7 Rxh4 64. Kxb7 Rh1 65. Kxa6 h4 66. f5 h3 67.
fxg6+ Kxg6 68. Bd6 h2 69. Ka7 Ra1 70. Bxh2 Rxa5+ 71. Kb6 Rd5 72. Bg1 Kf5 73. Kc6
Ke4 74. Bf2 Rxd4 75. Kc5 Rd2 76. Bh4 e5 77. Kc4 Rc2+ 78. Kb3 Rc8 0-1

[Event "FIDE World Rapid Team"]
[Site "London ENG"]
[Date "2025.06.11"]
[Round "1.5"]
[White "Gaal, Zsoka"]
[Black "Hng, Mei-En Emmanuelle"]
[Result "1-0"]
[WhiteTitle "WGM"]
[BlackTitle "WFM"]
[WhiteElo "2391"]
[BlackElo "2136"]
[WhiteTeam "Team Hungary"]
[BlackTeam "English Knightmares"]
[WhiteFideId "777765"]
[BlackFideId "5804566"]
[EventDate "2025.06.11"]
[EventType "team"]

1. Nf3 Nf6 2. g3 c6 3. Bg2 d5 4. O-O Bf5 5. c4 e6 6. Qb3 Qb6 7. d3 Nbd7 8. cxd5
exd5 9. Qc2 Bc5 10. Nc3 Ng4 11. e4 dxe4 12. dxe4 Be6 13. h3 Ngf6 14. Na4 Qb5 15.
Bf4 Be7 16. Nd4 Qh5 17. Nxe6 fxe6 18. Rad1 O-O 19. Qb3 Qf7 20. Qxb7 e5 21. Be3
Nb6 22. Nxb6 axb6 23. a3 Bc5 24. Qxf7+ Rxf7 25. Bxc5 bxc5 26. Rd2 Rb7 27. Rc1
Ra5 28. f3 Rab5 29. Rcc2 Rb3 30. Rxc5 Rxb2 31. Rxb2 Rxb2 32. Rxe5 Nd7 33. Re7
Nb6 34. Bf1 c5 35. Rc7 Rc2 36. Bb5 Kf8 37. a4 Ra2 38. Rxc5 Nxa4 39. Rc8+ Ke7 40.
Ra8 Nc3 41. Rxa2 Nxa2 42. Kf2 Nc3 43. Bd3 g5 44. Ke3 Nd1+ 45. Ke2 Nc3+ 46. Kd2
Na4 47. f4 h6 48. Bc2 Nc5 49. Ke3 Kd6 50. e5+ Kd5 51. Bh7 gxf4+ 52. gxf4 Ke6 53.
Bg8+ Kf5 54. Bc4 h5 55. Bd3+ Ke6 56. h4 Kd5 57. Bg6 Ke6 58. Bxh5 Kf5 59. Be2 Ne6
60. Bd3+ Kg4 61. f5 Nf4 62. Be4 Nh5 63. f6 1-0

[Event "FIDE World Rapid Team"]
[Site "London ENG"]
[Date "2025.06.11"]
[Round "1.6"]
[White "Ivanov, George"]
[Black "Marton-John, Almos Kiran"]
[Result "1-0"]
[WhiteElo "1879"]
[BlackElo "1987"]
[WhiteTeam "English Knightmares"]
[BlackTeam "Team Hungary"]
[WhiteFideId "427292"]
[BlackFideId "17013135"]
[EventDate "2025.06.11"]
[EventType "team"]

1. c4 e5 2. Nc3 c5 3. g3 Nc6 4. Bg2 g6 5. d3 Bg7 6. e4 Nge7 7. Nge2 O-O 8. O-O
d6 9. Kh1 f5 10. Bg5 h6 11. Bd2 Be6 12. Nd5 Bxd5 13. exd5 Nd4 14. Nxd4 cxd4 15.
f4 Kh7 16. Qb3 Rb8 17. a4 b6 18. Bb4 a5 19. Bd2 Bf6 20. Rae1 Kg7 21. Qd1 Qd7 22.
Qc1 Rh8 23. fxe5 dxe5 24. Qd1 h5 25. Bh3 g5 26. Rf2 g4 27. Bg2 h4 28. Kg1 hxg3
29. hxg3 Qd6 30. b4 e4 31. Bf4 Qxb4 32. Bxb8 e3 33. Rxf5 Nxf5 34. Qxg4+ Kf7 35.
Rf1 Rxb8 36. Qxf5 Qd6 37. Qh7+ Ke8 38. Qg8+ Ke7 39. Qh7+ Kd8 40. Qg6 e2 41. Re1
Qe5 42. Be4 Bg5 43. Kg2 Kc7 44. Qf7+ Kd6 45. Rxe2 Be3 46. Qg6+ Ke7 47. Bf5 Rf8
48. Qe6+ Qxe6 49. Bxe6 Kd6 50. Rb2 Kc7 51. g4 Rf6 52. Bf5 Rf8 53. Kg3 Rh8 54.
Kf3 Rh3+ 55. Ke4 Rh8 56. Rg2 Re8+ 57. Be6 Rf8 58. g5 Kd6 59. Bf5 Re8+ 60. Kf3
Rf8 61. Kg4 Ke5 62. Be4 Rg8 63. g6 Kd6 64. Rb2 Kc7 65. Rb1 Rf8 66. Rh1 Rf4+ 67.
Kg3 Rf8 68. Rh7+ Kd6 69. Rb7 Kc5 70. Kg4 Rf4+ 71. Kh5 Rxe4 72. dxe4 d3 73. Rf7
d2 74. Rf1 Bd4 75. Rd1 Bc3 76. Rxd2 1-0

[Event "FIDE World Rapid Team"]
[Site "London ENG"]
[Date "2025.06.11"]
[Round "1.1"]
[White "Kogan, Arthur"]
[Black "Rodshtein, Maxim"]
[Result "1/2-1/2"]
[WhiteTitle "GM"]
[BlackTitle "GM"]
[WhiteElo "2475"]
[BlackElo "2645"]
[WhiteTeam "OlalaStars"]
[BlackTeam "Rishon LeZion Chess Club"]
[WhiteFideId "2800802"]
[BlackFideId "2806851"]
[EventDate "2025.06.11"]
[EventType "team"]

1. Nf3 d5 2. g3 g6 3. Bg2 Bg7 4. d4 Nf6 5. O-O O-O 6. c4 c6 7. cxd5 cxd5 8. Nc3
e6 9. Bf4 Nc6 10. Rc1 Bd7 11. Ne5 Nh5 12. Nxc6 Bxc6 13. Be3 Qb6 14. Qd2 Rfc8 15.
Ne4 Qd8 16. Nc5 b6 17. Nd3 Bb5 18. Ne5 Nf6 19. Bf3 Ne4 20. Qb4 Qe8 21. Rxc8 Rxc8
22. Rc1 Rxc1+ 23. Bxc1 f6 24. Nd3 Bf8 25. Qe1 Qc6 26. Qd1 Qc4 27. Nf4 Kf7 28. b3
Qc6 29. Bb2 a5 30. Bg4 f5 31. Bf3 Bd6 32. Nd3 Nc3 33. Qd2 Nxa2 34. Ne5+ Bxe5 35.
dxe5 Nb4 36. Ba3 Qc5 37. Qh6 Kg8 38. Qg5 Qf8 39. h4 Kf7 40. h5 Qg7 41. Qe3 Nc2
42. Qxb6 Nxa3 43. Qxa5 Qxe5 44. Qxa3 Bxe2 45. Qa7+ Kg8 46. Bxe2 Qxe2 47. h6 Qb2
48. Qb8+ Kf7 49. Qc7+ Ke8 50. Qxh7 Qb1+ 51. Kh2 f4 52. Qg8+ Ke7 53. Qg7+ Ke8 54.
h7 fxg3+ 55. Kxg3 Qg1+ 56. Kf3 Qd1+ 57. Kg3 Qg1+ 58. Kf3 Qd1+ 59. Kf4 Qd2+ 60.
Kg4 Qd1+ 61. f3 Qg1+ 62. Kf4 Qh2+ 63. Ke3 Qg1+ 64. Kd2 Qf2+ 65. Kc3 Qe1+ 66. Kc2
Qe2+ 67. Kb1 Qe1+ 68. Ka2 1/2-1/2

[Event "FIDE World Rapid Team"]
[Site "London ENG"]
[Date "2025.06.11"]
[Round "1.2"]
[White "Steinberg, Nitzan"]
[Black "Krivenko, Dion"]
[Result "1-0"]
[WhiteTitle "GM"]
[BlackTitle "FM"]
[WhiteElo "2554"]
[BlackElo "2243"]
[WhiteTeam "Rishon LeZion Chess Club"]
[BlackTeam "OlalaStars"]
[WhiteFideId "2801795"]
[BlackFideId "4508378"]
[EventDate "2025.06.11"]
[EventType "team"]

1. e4 c5 2. Nf3 e6 3. d4 cxd4 4. Nxd4 Nf6 5. Nc3 Nc6 6. a3 d6 7. Be2 Be7 8. Be3
a6 9. O-O Bd7 10. Nb3 O-O 11. f4 Qc7 12. g4 d5 13. e5 Ne4 14. Nxe4 dxe4 15. Qe1
Rad8 16. Nd2 Na5 17. b4 Nc6 18. Nxe4 Nxe5 19. fxe5 Qxe5 20. Bd3 Bc6 21. Qg3 Qd5
22. g5 Kh8 23. Rad1 Qa2 24. Qh3 g6 25. Rf4 h5 26. Rdf1 Kg8 27. Rh4 Qxa3 28. Nf6+
Bxf6 29. gxf6 Rxd3 30. cxd3 Qxd3 31. Bc5 Rd8 32. Qxd3 Rxd3 33. Rd4 Rc3 34. Rd8+
Kh7 35. Rf8 Rc2 36. Rxf7+ Kh6 37. Rd1 Rg2+ 38. Kf1 Rxh2 39. Be3+ g5 40. Rg7 Rh1+
41. Ke2 Rh2+ 42. Ke1 Rg2 43. Rd8 1-0

[Event "FIDE World Rapid Team"]
[Site "London ENG"]
[Date "2025.06.11"]
[Round "1.3"]
[White "Sason, Noam"]
[Black "Sokolovsky, Yahli"]
[Result "0-1"]
[BlackTitle "GM"]
[WhiteElo "2153"]
[BlackElo "2542"]
[WhiteTeam "OlalaStars"]
[BlackTeam "Rishon LeZion Chess Club"]
[WhiteFideId "371282346"]
[BlackFideId "2820242"]
[EventDate "2025.06.11"]
[EventType "team"]

1. Nf3 Nf6 2. g3 g6 3. Bg2 Bg7 4. O-O O-O 5. d3 d6 6. e4 c5 7. Re1 Nc6 8. Nbd2
e5 9. a4 h6 10. Nc4 Be6 11. Ne3 d5 12. exd5 Nxd5 13. Nxd5 Bxd5 14. Nd2 Rc8 15.
Bxd5 Qxd5 16. Ne4 f5 17. c4 Qd8 18. Nxc5 Qd6 19. Be3 b6 20. Nb3 f4 21. Bc1 Nb4
22. d4 fxg3 23. hxg3 exd4 24. Bf4 Qf6 25. Nd2 g5 26. Ne4 Qg6 27. Bd6 Rfe8 28. f3
Rxe4 29. Bxb4 Rxe1+ 30. Bxe1 Rxc4 31. Rc1 Rxc1 32. Qxc1 Qe6 33. Bf2 Qd5 34. Qd2
Qxf3 35. Bxd4 Qxg3+ 36. Kf1 Bxd4 37. Qxd4 Qf4+ 0-1

[Event "FIDE World Rapid Team"]
[Site "London ENG"]
[Date "2025.06.11"]
[Round "1.4"]
[White "Bronstein, Or"]
[Black "Blokhin, Sofia"]
[Result "1-0"]
[WhiteTitle "IM"]
[BlackTitle "WFM"]
[WhiteElo "2443"]
[BlackElo "2057"]
[WhiteTeam "Rishon LeZion Chess Club"]
[BlackTeam "OlalaStars"]
[WhiteFideId "2815770"]
[BlackFideId "4508190"]
[EventDate "2025.06.11"]
[EventType "team"]

1. d4 f5 2. Bg5 h6 3. Bh4 g5 4. e3 Nf6 5. Bg3 d6 6. Nc3 e6 7. h4 Rg8 8. hxg5
hxg5 9. Qd2 Nc6 10. O-O-O Qe7 11. Bc4 a6 12. d5 Nd8 13. Nge2 e5 14. f3 Bd7 15.
Bb3 Nf7 16. Kb1 O-O-O 17. e4 f4 18. Be1 g4 19. a4 gxf3 20. gxf3 Rg2 21. Bh4 Bh6
22. Qd3 Rdg8 23. a5 Bg5 24. Be1 Rh8 25. Bd2 Rgh2 26. Rxh2 Rxh2 27. Bc4 Kb8 28.
b4 Bc8 29. Nc1 Bh4 30. Nb3 Bf2 31. b5 axb5 32. Bxb5 Nd7 33. Na4 Ba7 34. a6 Nd8
35. Ka2 Qh7 36. Rb1 Rh1 37. Rb2 Nb6 38. Ba5 Nxa4 39. Bxa4 Be3 40. Bd2 Bxd2 41.
axb7 Bxb7 42. Qxd2 Qh2 43. Qb4 Qg1 44. Bc6 Kc8 45. Qa4 Kb8 46. Ka3 Qa7 47. Qxa7+
Kxa7 48. Bb5 Rh3 49. Be2 Ba6 50. c4 Rh2 51. Kb4 Nb7 52. Ra2 Kb6 53. Rb2 Rh1 54.
Bd3 Rd1 55. Kc3 Rh1 56. c5+ dxc5 57. Nd4+ Ka7 58. Nc6+ Ka8 59. Bxa6 1-0

[Event "FIDE World Rapid Team"]
[Site "London ENG"]
[Date "2025.06.11"]
[Round "1.5"]
[White "Agafonov, Yuri Dr"]
[Black "Lahav, Michal"]
[Result "1/2-1/2"]
[BlackTitle "WIM"]
[WhiteElo "2096"]
[BlackElo "2143"]
[WhiteTeam "OlalaStars"]
[BlackTeam "Rishon LeZion Chess Club"]
[WhiteFideId "11602104"]
[BlackFideId "2813742"]
[EventDate "2025.06.11"]
[EventType "team"]

1. d4 Nf6 2. Nf3 c5 3. d5 e6 4. dxe6 fxe6 5. c4 d5 6. g3 Be7 7. Bg2 Nc6 8. O-O
O-O 9. Nbd2 Qc7 10. e3 d4 11. exd4 cxd4 12. Ng5 e5 13. Nde4 Bf5 14. Nxf6+ Bxf6
15. Bd5+ Kh8 16. Ne6 Bxe6 17. Bxe6 Rae8 18. Qg4 e4 19. Bf5 Ne5 20. Qxe4 g6 21.
Bh3 Qxc4 22. Bh6 Bg7 23. Bxg7+ Kxg7 24. Qxb7+ Rf7 25. Qb3 Nf3+ 26. Kh1 Qxb3 27.
axb3 Re2 28. Bg4 Rxb2 29. Bxf3 Rxf3 30. Rxa7+ Kh6 31. Rd7 Rfxb3 32. Rxd4 Rb1 33.
Rxb1 Rxb1+ 34. Kg2 Rb7 35. Rd5 Kg7 36. g4 h6 37. Kg3 Rf7 38. h4 Ra7 39. Rd6 Rf7
40. Rc6 Kh7 41. Rc4 Kg7 42. Rf4 Ra7 43. Rf3 Rb7 44. Rc3 Rf7 45. f4 Kh7 46. Kf3
Re7 47. Re3 Ra7 48. Ke4 Kg7 49. Kd5 Kf7 50. Rd3 Rd7+ 51. Ke4 Re7+ 52. Kf3 Kg7
53. f5 gxf5 54. gxf5 Ra7 55. Rd6 Ra4 56. Kg3 Rb4 57. Rg6+ Kh7 58. Re6 Kg7 59. h5
Ra4 60. Rg6+ Kh7 61. f6 Ra1 62. Rg7+ Kh8 63. Rb7 Kg8 64. Kf4 Ra5 65. Rg7+ Kf8
66. Rb7 Rxh5 67. Kg4 Rg5+ 68. Kh4 Kg8 69. Rc7 Rf5 70. Rg7+ Kf8 71. Rg6 Kf7 72.
Rxh6 Rxf6 73. Rh7+ Ke6 1/2-1/2

[Event "FIDE World Rapid Team"]
[Site "London ENG"]
[Date "2025.06.11"]
[Round "1.6"]
[White "Lapushnian, Eran"]
[Black "Kiritshenko, Platon"]
[Result "0-1"]
[WhiteElo "1993"]
[BlackElo "1587"]
[WhiteTeam "Rishon LeZion Chess Club"]
[BlackTeam "OlalaStars"]
[WhiteFideId "2811952"]
[BlackFideId "4522010"]
[EventDate "2025.06.11"]
[EventType "team"]

1. e4 c5 2. Nf3 g6 3. c3 d5 4. exd5 Qxd5 5. d4 cxd4 6. Qxd4 Qxd4 7. Nxd4 e5 8.
Nb5 Kd8 9. Be3 Nc6 10. Bc4 f5 11. O-O Bd7 12. Rd1 Kc8 13. Bg5 h6 14. Be3 f4 15.
Bc1 Na5 16. Be2 Nc6 17. N1a3 a6 18. Nd6+ Kc7 19. Nf7 Rh7 20. Nxe5 Nxe5 21. Bxf4
Bd6 22. Nc4 Nxc4 0-1

[Event "FIDE World Rapid Team"]
[Site "London ENG"]
[Date "2025.06.11"]
[Round "1.1"]
[White "Mamedyarov, Shakhriyar"]
[Black "Zakarian, David"]
[Result "1-0"]
[WhiteTitle "GM"]
[BlackTitle "FM"]
[WhiteElo "2746"]
[BlackElo "2301"]
[WhiteTeam "Generation XYZA"]
[BlackTeam "ANI"]
[WhiteFideId "13401319"]
[BlackFideId "13301276"]
[EventDate "2025.06.11"]
[EventType "team"]

1. c4 Nf6 2. Nc3 Nc6 3. g3 g6 4. Bg2 Bg7 5. d4 d6 6. Nf3 O-O 7. O-O a6 8. Bf4
Rb8 9. Rc1 Bg4 10. d5 e5 11. dxe6 Bxe6 12. b3 Nd7 13. Ng5 Nde5 14. Nxe6 fxe6 15.
Qd2 Qe7 16. Ne4 Nf7 17. b4 e5 18. Be3 Nd4 19. a4 Nb3 20. Qd3 Nxc1 21. Rxc1 Bh6
22. Bxh6 Nxh6 23. c5 Rbd8 24. Qd5+ Qf7 25. Ng5 Qxd5 26. Bxd5+ Kh8 27. Bxb7 dxc5
28. Rxc5 Ng4 29. Bf3 Nf6 30. Rxc7 Rd7 31. Rc6 e4 32. Nxe4 Nxe4 33. Bxe4 Rd4 34.
Bd3 a5 35. bxa5 Rxa4 36. a6 Rf7 37. h4 Kg7 38. Kg2 Ra5 39. Rb6 Ra4 40. f4 Ra3
41. Kf3 Rd7 42. Kg4 Rdxd3 43. exd3 Rxd3 44. Rb7+ Kh6 45. a7 Ra3 46. Kh3 Ra4 47.
g4 Ra3+ 48. Kg2 Ra4 49. Kf3 Ra3+ 50. Ke4 Ra4+ 51. Kd5 1-0

[Event "FIDE World Rapid Team"]
[Site "London ENG"]
[Date "2025.06.11"]
[Round "1.2"]
[White "Kiremitciyan, Ari"]
[Black "Gurel, Ediz"]
[Result "0-1"]
[WhiteTitle "FM"]
[BlackTitle "GM"]
[WhiteElo "2271"]
[BlackElo "2636"]
[WhiteTeam "ANI"]
[BlackTeam "Generation XYZA"]
[WhiteFideId "6373445"]
[BlackFideId "44507356"]
[EventDate "2025.06.11"]
[EventType "team"]

1. Nf3 Nf6 2. g3 d5 3. Bg2 Bf5 4. O-O e6 5. d3 h6 6. c4 c6 7. Qb3 Qc8 8. Nc3
Nbd7 9. cxd5 exd5 10. e4 dxe4 11. dxe4 Nc5 12. Qc2 Bh3 13. e5 Bf5 14. Qd1 Nfe4
15. Nd4 Nxc3 16. bxc3 Be7 17. Ba3 O-O 18. Nxf5 Qxf5 19. Qe2 Rad8 20. Rab1 Rd7
21. Bxc5 Bxc5 22. Be4 Qg5 23. Rbd1 Re7 24. Kg2 Qxe5 25. Rfe1 Qxc3 26. Rc1 Qa3
27. Rxc5 Qxc5 28. Bh7+ Kxh7 29. Qxe7 Qd5+ 30. Kg1 Rd8 31. Qxb7 a5 32. a4 Rd6 33.
Qc7 Rf6 34. Re5 Qd1+ 0-1

[Event "FIDE World Rapid Team"]
[Site "London ENG"]
[Date "2025.06.11"]
[Round "1.3"]
[White "Erdogmus, Yagiz Kaan"]
[Black "Stepanyan, Henrik"]
[Result "1-0"]
[WhiteTitle "GM"]
[WhiteElo "2626"]
[BlackElo "2200"]
[WhiteTeam "Generation XYZA"]
[BlackTeam "ANI"]
[WhiteFideId "44599790"]
[BlackFideId "401030"]
[EventDate "2025.06.11"]
[EventType "team"]

1. Nf3 d5 2. b3 Nf6 3. e3 e6 4. Bb2 Be7 5. d4 O-O 6. Bd3 b6 7. Nbd2 Bb7 8. Ne5
Ne4 9. O-O Nd7 10. Nxd7 Qxd7 11. Nf3 Bf6 12. h4 c5 13. Ne5 Bxe5 14. dxe5 Qe7 15.
Qg4 c4 16. Bxe4 dxe4 17. a4 cxb3 18. Ba3 Qc7 19. Bxf8 Rxf8 20. cxb3 Qxe5 21. Qg5
Qc3 22. Qe7 Ba6 23. Rfd1 Bd3 24. b4 a6 25. Qd6 a5 26. b5 Qc5 27. Qd7 h6 28. Rdc1
Qh5 29. Rc8 Rxc8 30. Qxc8+ Kh7 31. Qc7 Qg6 32. Qxb6 Be2 33. Qd6 Qf6 34. Qd4 Qxh4
35. b6 Qg4 36. Qe5 Ba6 37. Qxa5 1-0

[Event "FIDE World Rapid Team"]
[Site "London ENG"]
[Date "2025.06.11"]
[Round "1.4"]
[White "Zakarian, Dimitrios Levon"]
[Black "Salimova, Nurgyul"]
[Result "0-1"]
[BlackTitle "IM"]
[WhiteElo "2079"]
[BlackElo "2385"]
[WhiteTeam "ANI"]
[BlackTeam "Generation XYZA"]
[WhiteFideId "453080"]
[BlackFideId "2915138"]
[EventDate "2025.06.11"]
[EventType "team"]

1. d4 d5 2. Nf3 c5 3. c4 cxd4 4. cxd5 Nf6 5. Qa4+ Qd7 6. Qxd4 Nxd5 7. e4 Nb6 8.
Nc3 Nc6 9. Qxd7+ Bxd7 10. Be3 e6 11. Bb5 Bd6 12. Rd1 Bc7 13. Bc5 h6 14. O-O
O-O-O 15. a4 g5 16. b4 a6 17. Be2 g4 18. Nd4 Rhg8 19. b5 Nxd4 20. Bxd4 a5 21. e5
Kb8 22. f4 gxf3 23. Bxf3 Be8 24. Rfe1 Rc8 25. Ne4 Nxa4 26. Ra1 Bxb5 27. Nf6 Rgd8
28. Reb1 Rxd4 29. Rxb5 Bb6 30. Kh1 Rc5 31. Rab1 Rxb5 32. Rxb5 Ka7 33. h3 Nc3 34.
Rb3 Na4 35. Ne4 Rb4 36. Rd3 Bd4 37. Nd6 Bxe5 38. Nxf7 Rb1+ 39. Bd1 Nb2 0-1

[Event "FIDE World Rapid Team"]
[Site "London ENG"]
[Date "2025.06.11"]
[Round "1.5"]
[White "Kuru, Atilla"]
[Black "Grigoryan, Meri"]
[Result "1-0"]
[WhiteTitle "IM"]
[BlackTitle "WFM"]
[WhiteElo "2428"]
[BlackElo "1980"]
[WhiteTeam "Generation XYZA"]
[BlackTeam "ANI"]
[WhiteFideId "51607948"]
[BlackFideId "13300571"]
[EventDate "2025.06.11"]
[EventType "team"]

1. e4 c5 2. Nf3 d6 3. d4 cxd4 4. Nxd4 Nf6 5. Nc3 a6 6. Bg5 e6 7. f4 Be7 8. Qf3
Qc7 9. O-O-O Nc6 10. Nxc6 Qxc6 11. g4 b5 12. Bg2 Bb7 13. a3 Rc8 14. Qe2 Qc4 15.
Rd3 b4 16. axb4 Qxb4 17. Rhd1 h6 18. Bh4 Rc4 19. e5 dxe5 20. Bxb7 Qxb7 21. fxe5
Nd5 22. Bxe7 Rxc3 23. bxc3 Qxe7 24. c4 Qg5+ 25. Kb2 O-O 26. cxd5 Rb8+ 27. Rb3 1-0

[Event "FIDE World Rapid Team"]
[Site "London ENG"]
[Date "2025.06.11"]
[Round "1.6"]
[White "Mesropyan, Hayk"]
[Black "Yontar, Sabrican Onay"]
[Result "1/2-1/2"]
[WhiteElo "1866"]
[BlackElo "1941"]
[WhiteTeam "ANI"]
[BlackTeam "Generation XYZA"]
[WhiteFideId "499455"]
[BlackFideId "6373623"]
[EventDate "2025.06.11"]
[EventType "team"]

1. e4 e5 2. Nf3 Nc6 3. Bb5 a6 4. Ba4 Nf6 5. d3 b5 6. Bb3 Be7 7. O-O d6 8. c3 O-O
9. Re1 Na5 10. Bc2 c5 11. d4 Qc7 12. Nbd2 Bg4 13. h3 Bh5 14. dxe5 dxe5 15. Qe2
Rfd8 16. Nf1 c4 17. Ng3 Bg6 18. Nf5 Bc5 19. Bg5 Nb7 20. Rad1 Rxd1 21. Rxd1 Nd7
22. Qd2 Nf8 23. Qd5 Re8 24. Bh4 Kh8 25. a4 f6 26. Nh6 Ne6 27. Ng4 Nf4 28. Qd7
Qxd7 29. Rxd7 Re7 30. Rxe7 Bxe7 31. axb5 axb5 32. Ngxe5 Be8 33. Ng4 g5 34. Bg3
Ne2+ 35. Kf1 Nxg3+ 36. fxg3 Kg7 37. Nd4 Bd7 38. Ne3 Bc5 39. Ke2 Nd6 40. g4 h6
41. Nef5+ Nxf5 42. gxf5 b4 43. Kd2 Kf7 44. b3 bxc3+ 45. Kxc3 cxb3 46. Bxb3+ Ke7
47. Kc4 Kd6 48. Ne2 Bf2 49. Nc3 Bc6 50. Ba4 Bb7 51. Kd3 Ke5 52. Bb3 Be1 53. Bd5
Ba6+ 54. Kc2 Bxc3 55. Kxc3 Bf1 56. g3 Bxh3 57. Kd3 Bxf5 58. Bc6 Bc8 59. Ke3 Ba6
60. Bd7 Bb7 61. Bf5 Bc6 62. Bg6 h5 63. Bf5 Bb5 64. Bg6 h4 65. gxh4 gxh4 66. Bf5
Bf1 67. Kf2 Bd3 68. Ke3 Bc2 69. Kf3 h3 70. Bxh3 Bxe4+ 71. Ke3 Bf5 72. Bg2 Bd7
73. Be4 Be6 74. Bd3 Bf5 75. Be2 Bc8 76. Bd3 Bf5 77. Be2 Bg6 78. Bg4 Bf5 1/2-1/2

[Event "FIDE World Rapid Team"]
[Site "London ENG"]
[Date "2025.06.11"]
[Round "1.1"]
[White "Emms, John M"]
[Black "Pichot, Alan"]
[Result "0-1"]
[WhiteTitle "GM"]
[BlackTitle "GM"]
[WhiteElo "2417"]
[BlackElo "2588"]
[WhiteTeam "Chess Trust Accelerators"]
[BlackTeam "Duobeniajan Costa Calida ESJ"]
[WhiteFideId "400254"]
[BlackFideId "110973"]
[EventDate "2025.06.11"]
[EventType "team"]

1. e4 e5 2. Nf3 Nc6 3. Nc3 Nf6 4. d4 exd4 5. Nxd4 Bb4 6. Nxc6 bxc6 7. Bd3 O-O 8.
O-O d5 9. exd5 cxd5 10. h3 h6 11. Qf3 c6 12. Bf4 Be6 13. Rad1 Bd6 14. Ne2 c5 15.
Rfe1 a5 16. Bxd6 Qxd6 17. Nf4 Rad8 18. b3 Bc8 19. Re2 Bb7 20. Rde1 c4 21. Bf5 d4
22. Qg3 g5 23. Re5 Kh8 24. bxc4 gxf4 25. Qxf4 Ng8 26. Bd3 Qf6 27. Rf5 Qg7 28. g4
a4 29. Kh2 Bc8 30. Rd5 Be6 31. Rxd8 Rxd8 32. c5 Qf6 33. Qe4 Qxf2+ 34. Kh1 Bd5 0-1

[Event "FIDE World Rapid Team"]
[Site "London ENG"]
[Date "2025.06.11"]
[Round "1.2"]
[White "Ibarra Jerez, Jose Carlos"]
[Black "Khoury, Theo"]
[Result "1-0"]
[WhiteTitle "GM"]
[BlackTitle "CM"]
[WhiteElo "2545"]
[BlackElo "2209"]
[WhiteTeam "Duobeniajan Costa Calida ESJ"]
[BlackTeam "Chess Trust Accelerators"]
[WhiteFideId "2226332"]
[BlackFideId "480703"]
[EventDate "2025.06.11"]
[EventType "team"]

1. e4 c5 2. Ne2 Nf6 3. Nbc3 d6 4. d4 cxd4 5. Nxd4 a6 6. g3 e5 7. Nb3 Be7 8. Bg5
Be6 9. Bxf6 Bxf6 10. Qd3 O-O 11. O-O-O Qb6 12. h4 a5 13. Bh3 a4 14. Nd2 a3 15.
b3 Rc8 16. Nd5 Qd8 17. Nc4 Nc6 18. Ncb6 Nb4 19. Nxb4 Qxb6 20. Nd5 Qd8 21. Kb1
Rc5 22. Ne3 Ra6 23. c4 Qc8 24. Bxe6 fxe6 25. f4 exf4 26. gxf4 b5 27. cxb5 Rc3
28. Rc1 Rac6 29. Qd2 R6c5 30. e5 dxe5 31. Ng4 exf4 32. Nxf6+ gxf6 33. Rxc3 Rxc3
34. Qxf4 Qd8 35. Rg1+ Kf7 36. Qe4 Qd3+ 37. Qxd3 Rxd3 38. Rc1 Rd5 39. b6 f5 40.
Rc7+ Kg6 41. b7 Rb5 42. Kc2 f4 43. Kd3 e5 44. Kc4 Rb6 45. Kc5 Rxb7 46. Rxb7 f3
47. Rb8 Kf7 48. Rd8 Ke6 49. Rf8 1-0